Men's Tennis Players A-Z - Statistics

General Stats
  • This quiz has been taken 606 times
    302 since last reset
  • The average score is 12 of 22
Answer Stats
# Player % Correct
A 4 Carlos Alcaraz | Daniel Altmaier | Matteo Arnaldi | Félix Auger-Aliassime
95%
D 10 Luciano Darderi | Alejandro Davidovich Fokina | Alex De Minaur | Gabriel Diallo | Grigor Dimitrov | Laslo Djere | Novak Djokovic | Jack Draper | James Duckworth | Damir Džumhur
92%
S 8 Roman Safiullin | Thiago Seyboth Wild | Shang Juncheng | Denis Shapovalov | Ben Shelton | Jannik Sinner | Lorenzo Sonego | Jan-Lennard Struff
84%
M 14 Tomáš Macháč | Fábián Marozsán | Pedro Martínez | Hamad Medjedovic | Daniil Medvedev | Jakub Menšík | Alex Michelsen | Gaël Monfils | Thiago Monteiro | Corentin Moutet | Giovanni Mpetshi Perricard | Alexandre Müller | Jaume Munar | Lorenzo Musetti
82%
B 9 Sebastián Báez | Roberto Bautista Agut | Mattia Bellucci | Zizou Bergs | Matteo Berrettini | Benjamin Bonzi | Nuno Borges | Bu Yunchaokete | Alexander Bublik
79%
Z 2 Zhang Zhizhen | Alexander Zverev
77%
F 6 Jacob Fearnley | Arthur Fils | Fabio Fognini | João Fonseca | Taylor Fritz | Márton Fucsovics
76%
R 4 Arthur Rinderknech | Andrey Rublev | Holger Rune | Casper Ruud
74%
T 5 Alejandro Tabilo | Jordan Thompson | Frances Tiafoe | Learner Tien | Stefanos Tsitsipas
69%
H 4 Quentin Halys | Rinky Hijikata | Ugo Humbert | Hubert Hurkacz
60%
C 5 Roberto Carballés Baena | Arthur Cazaux | Francisco Cerúndolo | Flavio Cobolli | Francisco Comesaña
55%
N 6 Brandon Nakashima | Luca Nardi | Mariano Navone | Kei Nishikori | Yoshihito Nishioka | Cameron Norrie
53%
K 5 Miomir Kecmanović | Karen Khachanov | Thanasi Kokkinakis | Sebastian Korda | Aleksandar Kovacevic
50%
P 4 Francesco Passaro | Tommy Paul | Alexei Popyrin | Lucas Pouille
45%
G 4 Hugo Gaston | Marcos Giron | David Goffin | Tallon Griekspoor
34%
L 2 Dušan Lajović | Jiří Lehečka
30%
E 1 Tomás Martín Etcheverry
27%
V 3 Botic van de Zandschulp | Otto Virtanen | Aleksandar Vukic
22%
U 1 Camilo Ugo Carabelli
14%
J 1 Nicolás Jarry
14%
W 1 Adam Walton
9%
O 1 Christopher O'Connell
8%
No matching quizzes found
Score Distribution
Percent of People with Each Score
Percentile by Number Answered
Your Score History
You have not taken this quiz since the last reset